Время женщин: романы; Время женщин; Крошки Цахес

Dades bibliogràfiques
Autor principal: Чижова Е. С. Елена Семеновна
Sumari:Луший роман на русском языке 2009 года.
Елена Чижова — коренная петербурженка, автор пяти романов, последний — «Время женщин» — был удостоен премии «РУССКИЙ БУКЕР». Судьба главной героини романа — жесткий парафраз на тему народного фильма «Москва слезам не верит». Тихую лимитчицу Антонину соблазняет питерский «стиляга», она рожает от него дочь и вскоре умирает, доверив девочку трем питерским старухам «из бывших», соседкам по коммунальной квартире, — Ариадне, Гликерии и Евдокии. О них, о «той» жизни — хрупкой, ушедшей, но удивительно настоящей — и ведет рассказ выросшая дочь героини, художница... В книгу также вошел роман «Крошки Цахес».
Idioma:rus
Publicat: Москва, АСТ, 2011
TOC:Время женщин;
Крошки Цахес;
Matèries:
Format: MixedMaterials Llibre
KOHA link:https://koha.lib.tpu.ru/cgi-bin/koha/opac-detail.pl?biblionumber=194857

MARC

LEADER 00000nam0a2200000 4500
001 194857
005 20231031182508.0
010 |a 9785170656974 
010 |a 978-5-271-26989-9 
035 |a (RuTPU)RU\TPU\book\212534 
090 |a 194857 
100 |a 20110425d2010 m y0rusy50 ca 
101 0 |a rus 
102 |a RU 
105 |a y z 000ay 
200 1 |a Время женщин  |e романы  |f Е. С. Чижова 
210 |a Москва  |c АСТ  |c Астрель  |d 2011 
215 |a 351 с. 
300 |a Луший роман на русском языке 2009 года. 
330 |a Елена Чижова — коренная петербурженка, автор пяти романов, последний — «Время женщин» — был удостоен премии «РУССКИЙ БУКЕР». Судьба главной героини романа — жесткий парафраз на тему народного фильма «Москва слезам не верит». Тихую лимитчицу Антонину соблазняет питерский «стиляга», она рожает от него дочь и вскоре умирает, доверив девочку трем питерским старухам «из бывших», соседкам по коммунальной квартире, — Ариадне, Гликерии и Евдокии. О них, о «той» жизни — хрупкой, ушедшей, но удивительно настоящей — и ведет рассказ выросшая дочь героини, художница... В книгу также вошел роман «Крошки Цахес». 
464 |t Время женщин 
464 |t Крошки Цахес 
610 1 |a русская литература 
610 1 |a романы 
610 1 |a любовь 
610 1 |a художественная литература 
610 1 |a 20 век 
610 1 |a Премия "Русский Букер" 
675 |a Р2  |v 3 
700 1 |a Чижова  |b Е. С.  |g Елена Семеновна 
801 1 |a RU  |b 63413507  |c 20110425 
801 2 |a RU  |b 63413507  |c 20150512  |g RCR 
942 |c BK